|
|
|
|
| LEADER |
00000csc a2200000 a 4500 |
| 001 |
90963 |
| 005 |
20240112140432.0 |
| 008 |
977060|1974 ||||||||r|||||||||||||||| |
| 041 |
1 |
|
|a spa
|
| 082 |
0 |
|
|a 339.2
|
| 100 |
1 |
|
|a Angelopulos, Angelos
|9 301672
|
| 245 |
|
|
|a El tercer mundo frente a los países ricos:
|b perspectivas para el año 2000
|c Angelos Angelopulos. Prefacio de Josué de Castro
|h imp
|
| 264 |
|
|
|a Buenos Aires
|b Ediciones del Sol
|c 1974
|
| 300 |
|
|
|a 236 páginas:
|b tab
|c 19,5 cm
|
| 490 |
|
|
|a Libros del Tercer Mundo
|
| 504 |
|
|
|a incl. ref.
|
| 650 |
|
|
|a Paises del tercer mundo
|9 59265
|
| 650 |
|
|
|a Relaciones internacionales
|9 7517
|
| 650 |
|
0 |
|a Economia y politica
|9 19148
|
| 852 |
|
|
|a UC-CDJBV
|c ESTANTERIA CERRADA
|f Compra
|k mariana.feican
|l 1
|m General
|p 19770600
|q 85,00
|r 2
|t 90963
|b 0
|d CDRC
|e CDRC
|g 339.2 ESTANTERIA CERRADA
|z 1977-70-60
|
| 942 |
|
|
|
| 999 |
|
|
|c 129951
|d 129951
|